Logo CIB grande

Shriver & Atkins' inorganic chemistry (Registro nro. 237615)

Detalles MARC
000 -LEADER
campo de control de longitud fija 00638nam a2200241Ia 4500
005 - FECHA Y HORA DE LA ÚLTIMA TRANSACCIÓN
campo de control 20250425162838.0
008 - DATOS DE LONGITUD FIJA--INFORMACIÓN GENERAL
campo de control de longitud fija 250425s9999 xx 000 0 und d
020 ## - NÚMERO INTERNACIONAL ESTÁNDAR DEL LIBRO
Número Internacional Estándar del Libro 9780199236176
041 ## - CÓDIGO DE IDIOMA
Código de lengua del texto/banda sonora o título independiente eng
082 ## - NÚMERO DE LA CLASIFICACIÓN DECIMAL DEWEY
Número de clasificación 546
Iniciales del Autor ATK
010 ## - NÚMERO DE CONTROL DE LA BIBLIOTECA DEL CONGRESO
Número de control de LC 113393
100 ## - ENTRADA PRINCIPAL--NOMBRE DE PERSONA
Nombre de persona Atkins, Peter
245 #0 - MENCIÓN DEL TÍTULO
Título Shriver & Atkins' inorganic chemistry
Mención de responsabilidad, etc. Peter Atkins ... [et al.].
250 ## - MENCION DE EDICION
Mención de edición 5th ed.
260 ## - PUBLICACIÓN, DISTRIBUCIÓN, ETC.
Lugar de publicación, distribución, etc. Oxford
Nombre del editor, distribuidor, etc. Oxford University Press
Fecha de publicación, distribución, etc. 2010
300 ## - DESCRIPCIÓN FÍSICA
Extensión 824 páginas
650 ## - PUNTO DE ACCESO ADICIONAL DE MATERIA--TÉRMINO DE MATERIA
Término de materia o nombre geográfico como elemento de entrada Química inorgánica
700 ## - ENTRADA AGREGADA--NOMBRE PERSONAL
Nombre de persona Armstrong, Fraser
700 ## - ENTRADA AGREGADA--NOMBRE PERSONAL
Nombre de persona Overton, Tina
700 ## - ENTRADA AGREGADA--NOMBRE PERSONAL
Nombre de persona Rourke, Jonathan
700 ## - ENTRADA AGREGADA--NOMBRE PERSONAL
Nombre de persona Weller, Mark
942 ## - ELEMENTOS DE ENTRADA SECUNDARIOS (KOHA)
Tipo de ítem Koha Libros
Existencias
Estatus retirado Estado de pérdida Estado de daño No para préstamo Biblioteca de origen Biblioteca actual Fecha de adquisición Coste, precio normal de compra Etiqueta RFID Total de préstamos Código de barras Copia número Tipo de ítem Koha Nota pública
        CENTRO DE INFORMACIÓN BIBLIOTECARIA CENTRO DE INFORMACIÓN BIBLIOTECARIA 17/10/2023 114.00 0000000000000000036062   80840 1 Libros Compra

Copyright 2025 ESPOL. Todos los derechos reservados.